Statistiques concernant Les 16 titres constructeurs de Ferrari - Formule 1

Cliquez ici pour prendre le quiz!

Statistiques générales

  • Ce quiz a été pris 686 fois
  • Le résultat moyen est 13 sur 16

Statistiques - réponses

HintRéponse% Correct
112001
97%
132003
97%
102000
96%
122002
96%
142004
96%
152007
93%
91999
86%
162008
86%
71982
77%
81983
76%
41976
75%
51977
75%
61979
75%
31975
74%
21964
67%
11961
66%

Distribution des résultats

Percentile par nombre de réponses

% des personnes avec chaque résultat

Votre développement - résultats

Vous n’avez pas pris ce quiz